| 000 | 00390nam a22001337a 4500 | ||
|---|---|---|---|
| 040 | _cNUST | ||
| 082 | _a200 THE | ||
| 100 |
_aMaaidah Afzaal Qureshi _998362 |
||
| 110 | _aSupervisor Dr. Shahzad Amin Sheikh | ||
| 245 | _aTH-SOF-2025-Glaucoma Detection Using Machine Learning Algorithms | ||
| 260 |
_aISLAMABAD: _bNUST COLLEGE OF EME, _c2022. |
||
| 650 | _aMS-ELECT--19 | ||
| 942 |
_2ddc _cTHE |
||
| 999 |
_c591273 _d591273 |
||